25 самых частотных слов латыни - Statistics

General Stats
  • This quiz has been taken 867 times
    754 since last reset
  • The average score is 5 of 10
Answer Stats
Вопрос Ответ % Correct
Как переводится tamen? однако, впрочем
100%
Как переводится non? не
94%
Как переводится sum? я есть (быть)
88%
Как переводится in? в
86%
Как переводится posse? мочь
85%
Как переводится ad? к, у
82%
Как переводится et? и
82%
Как переводится ex? из
80%
Каким падежом управляет a? Аблативом
78%
Как переводится e? из
75%
Каким падежом управляет ex? Аблативом
75%
Как переводится neque? и не
75%
Как переводится esse? быть
71%
Как переводится -que? и
70%
Как переводится possum? могу (мочь)
69%
Как переводится sed? но
68%
Как переводится ac? а также, и
67%
Как переводится aut? или
67%
Каким падежом управляет de? Аблативом
67%
Как переводится jam? уже
64%
Как переводится atque? а также, и
62%
Как переводится si? если
62%
Как переводится fui? я был (быть)
58%
Каким падежом управляет in в значении направления? Аккузативом
57%
Как переводится nam? ибо, так как
56%
Каким наклонением управляет cum в значении "так как, хотя"? Конъюнктивом
55%
Как переводится -ne? ли
50%
Как переводится nec? и не
50%
Каким наклонением управляет ut в значении "чтобы"? Конъюнктивом
50%
Как переводится quam? чем, насколько
47%
Каким наклонением управляет nam? Индикативом
45%
Каким наклонением управляет ne? Конъюнктивом
45%
Каким падежом управляет in в значении места? Аблативом
38%
Как переводится ne? 1. {не} 2. {чтобы не}
38%
Как переводится autem? же, однако
36%
Каким наклонением управляет cum в значении "когда"? Индикативом
36%
Как переводится etiam? также, даже
33%
Каким падежом управляет e? Аблативом
31%
Каким падежом управляет ad? Аккузативом
30%
Как переводится potui? я мог (мочь)
30%
Каким наклонением управляет ut в значении "как"? Индикативом
28%
Как переводится ut? 1. {как} 2. {чтобы}
22%
Как переводится cum? 1. {с} 2. {когда} 3. {так как, хотя}
17%
Как переводится de? 1. {о, об} 2. {с, из}
15%
Как переводится ab? 1. {от} 2. {агенс в пассивной конструкции}
15%
Каким падежом управляет ab? Аблативом
11%
Как переводится a? 1. {от} 2. {агенс в пассивной конструкции}
9%
No matching quizzes found
Score Distribution
Percent of People with Each Score
Percentile by Number Answered
Your Score History
You have not taken this quiz since the last reset